000 00764nam a2200253Ia 4500
003 OSt
005 20220928122348.0
006 a|||||r|||| 00| 0
007 ta
008 220927b |||||||| |||| 00| 0 eng d
020 _cUSD 89.95
024 _a139580
037 _b27, 06/02/2019, Excel Book International
_cTextual
040 _aSDCL
_cSDCL
_beng
041 _2eng
_aeng
082 _aX6:(D6,8(B)), Q8
100 _aHill John
_9457770
245 0 _aFintech and the remaking of financial insititutions
260 _aLondon
_bElsevier
_c2018
300 _axiv,372p.
_ccm.
650 _aFinancial Studies
942 _hX6:(D6,8(B)), Q8
_cTEXL
_2CC
999 _c771190
_d771190